Sa maîtresse et moi / (Record no. 188056)
[ view plain ]
| 000 -LEADER | |
|---|---|
| campo de control de longitud fija | 00524nam a2200157 i 4500 |
| 001 - NÚMERO DE CONTROL | |
| campo de control | 188056 |
| 003 - IDENTIFICADOR DE NÚMERO DE CONTROL | |
| campo de control | ES-MaACL |
| 005 - FECHA Y HORA DE LA ÚLTIMA TRANSACCIÓN | |
| campo de control | 20250929063308.0 |
| 008 - DATOS DE LONGITUD FIJA--INFORMACIÓN GENERAL | |
| campo de control de longitud fija | 180420s1929 fr |||| | spa d |
| 100 1# - ENTRADA PRINCIPAL--NOMBRE DE PERSONA | |
| Nombre de persona | Prévost, Marcel, |
| Fechas asociadas al nombre | 1862-1941 |
| 9 (RLIN) | 93819 |
| 245 10 - MENCIÓN DEL TÍTULO | |
| Título | Sa maîtresse et moi / |
| Mención de responsabilidad, etc. | Marcel Prévost. |
| 260 ## - PUBLICACIÓN, DISTRIBUCIÓN, ETC. | |
| Lugar de publicación, distribución, etc. | Paris : |
| Nombre del editor, distribuidor, etc. | Les Éditions de France, |
| Fecha de publicación, distribución, etc. | [1929] |
| 300 ## - DESCRIPCIÓN FÍSICA | |
| Extensión | 277 p. ; |
| Dimensiones | 19 cm. |
| 852 ## - LOCALIZACIÓN | |
| Ubicación | ES-MaACL |
| Número de control de estantería | L-31936 |
| Nota libre | . - Donat. herederos de la bibl. de Mª del Pilar Costa Palacín |
| Estatus retirado | Estado de pérdida | Estado de daño | No para préstamo | Biblioteca de origen | Biblioteca actual | Ubicación en estantería | Fecha de adquisición | Fuente de adquisición | Total de préstamos | Signatura topográfica completa | Código de barras | Visto por última vez | Precio de reemplazo | Tipo de ítem Koha |
|---|---|---|---|---|---|---|---|---|---|---|---|---|---|---|
| Biblioteca del Ateneo de Madrid | Biblioteca del Ateneo de Madrid | Depósito 2 | 20/04/2018 | L-31936 | 1198745 | 23/02/2023 | 23/02/2023 | Libro impreso |
